How does a diurnal hawkmoth find nectar ? Differences in sensory control with a nocturnal relative /
Spremljeno u:
| Glavni autor: | |
|---|---|
| Daljnji autori: | |
| Format: | Članak |
| Jezik: | English |
| Teme: | |
| Oznake: |
Dodaj oznaku
Bez oznaka, Budi prvi tko označuje ovaj zapis!
|
| Thư viện lưu trữ: | Thư viện Trường Đại học Đà Lạt |
|---|
| LEADER | 00915nam a2200301 4500 | ||
|---|---|---|---|
| 001 | DLU110129886 | ||
| 005 | ##20111223 | ||
| 040 | # | # | |a DLU |b eng |
| 041 | # | # | |a eng |
| 044 | # | # | |a us |
| 100 | # | # | |a Goyret, Joaquin |
| 245 | # | # | |a How does a diurnal hawkmoth find nectar ? Differences in sensory control with a nocturnal relative / |c Joaquin Goyret, Almut Kelber. |
| 653 | # | # | |a Flower inspection |
| 653 | # | # | |a Lepidoptera |
| 653 | # | # | |a Nectar guides |
| 653 | # | # | |a Pollination |
| 653 | # | # | |a Sensory ecology |
| 700 | # | # | |a Kelber, Almut. |
| 773 | # | # | |t Behavioral ecology |g Vol. 22, no. 5 (September-October 2011), p. 976-984 |
| 920 | # | # | |a Phòng Tạp chí -- Trung tâm Thông tin - Thư viện Trường Đại học Đà Lạt |
| 994 | # | # | |a DLU |
| 900 | # | # | |a True |
| 911 | # | # | |a Trương Bảo Trâm Anh |
| 925 | # | # | |a G |
| 926 | # | # | |a A |
| 927 | # | # | |a BB |
| 980 | # | # | |a Thư viện Trường Đại học Đà Lạt |